[Event "Liptovsky Mikulas CupT U20"]
[Site "Liptovsky Mikulas"]
[Date "2015.06.27"]
[Round "4.4"]
[White "Janecek, Miroslav"]
[Black "Pasztor, Daniel"]
[Result "0-1"]
[WhiteElo "1475"]
[BlackElo "1569"]
[PlyCount "138"]
[EventDate "2015.06.25"]
[EventType "team-swiss"]
[EventRounds "7"]
[EventCountry "SVK"]
[SourceTitle "CBM 167 Extra"]
[Source "ChessBase"]
[SourceDate "2015.09.14"]
[SourceVersion "1"]
[SourceVersionDate "2015.09.14"]
[SourceQuality "1"]
[WhiteTeam "Opavsko (U18)"]
[BlackTeam "Budapest EAC (U18)"]
[WhiteTeamCountry "CZE"]
[BlackTeamCountry "HUN"]

1. d4 Nf6 2. c4 g6 3. Nc3 Bg7 4. e4 d6 5. Nf3 0-0 6. h3 e5 7. d5 a5 8. Be3 Na6 9. a3 Bd7 10. Be2 Nh5 11. g4 Nf4 12. Bxf4 exf4 13. Qd2 Re8 14. Qxf4 Nc5 15. Nd2 Bf6 16. Rg1 Bg5 17. Qh2 Bxd2+ 18. Kxd2 Nb3+ 19. Kc2 Nxa1+ 20. Rxa1 Qf6 21. f4 Kf8 22. g5 Qg7 23. Rf1 Ke7 24. e5 dxe5 25. fxe5 Kd8 26. Rf6 Ra6 27. d6 cxd6 28. c5 Rc6 29. Bb5 Rxc5 30. Rxd6 Re7 31. Qd2 Rc7 32. Kb1 Qxe5 33. Rd5 Qe1+ 34. Ka2 Qxd2 35. Rxd2 Re5 36. h4 Ke7 37. Bxd7 Rxd7 38. Rf2 Rd4 39. Rh2 b5 40. Nb1 Ree4 41. Nd2 Re5 42. Nf3 Ree4 43. Nxd4 Rxd4 44. h5 Rd5 45. hxg6 hxg6 46. Rg2 Rf5 47. Kb3 Kd6 48. Kc3 Ke5 49. b4 Rf3+ 50. Kb2 axb4 51. axb4 Kd4 52. Rg4+ Ke5 53. Rg2 f5 54. gxf6 Kxf6 55. Rc2 Rf5 56. Kb3 g5 57. Rc6+ Ke5 58. Rg6 Kf4 59. Kc3 Kf3 60. Kd4 g4 61. Rc6 g3 62. Rc5 Rxc5 63. Kxc5 g2 64. Kxb5 g1Q 65. Ka6 Qa1+ 66. Kb6 Ke4 67. b5 Kd5 68. Kb7 Kc5 69. b6 Qa5 0-1

[Event "Liptovsky Mikulas CupT U20"]
[Site "Liptovsky Mikulas"]
[Date "2012.06.23"]
[Round "2.4"]
[White "Janecek, Miroslav"]
[Black "Bohanesova, Vendula"]
[Result "0-1"]
[WhiteElo "1000"]
[BlackElo "1644"]
[PlyCount "114"]
[EventDate "2012.06.22"]
[EventType "team-swiss"]
[EventRounds "9"]
[EventCountry "SVK"]
[SourceTitle "CBM 149 Extra"]
[Source "ChessBase"]
[SourceDate "2012.08.24"]
[SourceVersion "1"]
[SourceVersionDate "2012.08.24"]
[SourceQuality "1"]
[WhiteTeam "V4 International"]
[BlackTeam "Beskydy Chess School"]
[WhiteTeamCountry "SVK"]
[BlackTeamCountry "CZE"]

1. e4 e6 2. d4 d5 3. Nc3 Nf6 4. Bf4 dxe4 5. d5 exd5 6. Qd2 Bb4 7. Nge2 Bg4 8. Nd4 c5 9. Bb5+ Nbd7 10. Bxd7+ Qxd7 11. Ndb5 0-0 12. h3 Bh5 13. g4 Bg6 14. a3 Bxc3 15. Nxc3 d4 16. Ne2 Rad8 17. 0-0-0 Rfe8 18. Ng3 c4 19. Rhe1 Qa4 20. Qb4 Qxb4 21. axb4 d3 22. Be3 Nd5 23. Bd2 dxc2 24. Kxc2 e3+ 25. Kc1 exd2+ 26. Kxd2 Nxb4+ 27. Kc3 Nd3 28. Re2 Rxe2 29. Nxe2 Re8 30. f4 Rxe2 31. f5 Bxf5 32. gxf5 h5 33. Rg1 Nxb2 34. f6 g6 35. Ra1 a6 36. Ra5 Kh7 37. Rd5 Kh6 38. Rd7 Nd3 39. Rxf7 Rf2 40. h4 g5 41. hxg5+ Kxg5 42. Rxb7 Rxf6 43. Rc7 Ne5 44. Kd4 Rc6 45. Re7 Ng6 46. Re1 c3 47. Rg1+ Kh6 48. Rc1 a5 49. Kd3 a4 50. Kc2 h4 51. Rh1 Kh5 52. Ra1 Rc4 53. Kd3 Ne5+ 54. Ke3 c2 55. Kd2 c1Q+ 56. Rxc1 Rxc1 57. Kxc1 h3 0-1